OPAC | Catalogo Arcigay delle biblioteche LGBTQIA+

Il Catalogo di Arcigay delle Biblioteche LGBTQIA+ è un servizio fornito grazie alla collaborazione tra Arcigay nazionale e le associazioni locali aderenti al progetto che conservano e rendono pubbliche biblioteche a tema LGBTQIA+.

Pregiudizi inconsapevoli : (Record no. 16259)

MARC details
000 -LEADER
campo di controllo lung. fissa 00835nam a2200241 i 4500
001 - Numero di controllo
campo di controllo IT\ICCU\CFI\1028690
003 - Identificatore del numero di controllo
campo di controllo ItRI
005 - Data e orario dell'ultima transazione
campo di controllo 20260115232030.0
008 - Elementi di lunghezza fissa--Informazione generale
campo di controllo lung. fissa 201106s2020 it |||||| ||||| |||||c
015 ## - Numero della bibliografia nazionale
Fonte IT
Numero della bibliografia nazionale 2020-8406
020 ## - ISBN (International Standard Book Number)
ISBN (International Standard Book Number) 9788804729112
040 ## - Fonte della catalogazione
Lingua della catalogazione ita
Agenzia che fa la trascrizione importazione bologna sebina
041 #7 - Codice di lingua
Codice di lingua del testo/traccia sonora o titolo separato ita
Fonte del codice ISO-639-2
082 ## - Numero di classificazione Decimale Dewey
Numero di classificazione 303.385
-- PROCESSI SOCIALI. PREGIUDIZIO
Numero dell'edizione 23
100 1# - Accesso principale -- nome di persona
Nome di persona Vecchioni, Francesca
Numero del record di authority o numero standard IT\ICCU\UBOV\414546
Relazione: aut
240 10 - Titolo uniforme
Titolo uniforme Pregiudizi inconsapevoli
-- IT\ICCU\CFI\1028691
9 (RLIN) Vecchioni, Francesca
245 10 - Formulazione del titolo
Titolo Pregiudizi inconsapevoli :
Complemento del titolo perché i luoghi comuni sono sempre così affollati /
Formulazione di responsabilità, ecc. Francesca Vecchioni.
260 ## - Pubblicazione, distribuzione, ecc. (stampa)
Luogo di pubblicazione, distribuzione, ecc. Milano :
Nome dell'editore, distributore, ecc. Mondadori,
Data di pubblicazione, distribuzione, ecc. 2020
300 ## - Descrizione fisica
Estensione 147 p. :
Altre particolarità fisiche ill. ;
Dimensioni 23 cm
650 #7 - Accesso aggiunto di soggetto--termine topico
Termine topico o nome geografico come accesso Pregiudizi
830 #0 - Accesso aggiunto di serie--titolo uniforme
Titolo uniforme Sentieri
Numero del record di authority o numero standard IT\ICCU\MIL\0951672
942 ## - Dati aggiuntivi (Koha)
Fonte della classificazione o dello schema di collocazione (segnatura) Classificazione decimale Dewey
Tipo copia default (Koha) Libri
Nasconto in Opac No
Holdings
Status ritirato Status smarrito: Status danneggiato: Escluso dal prestito Biblioteca di appartenenza Biblioteca corrente Data di acquisti Numero d'inventario Totale prestiti Collocazione Codice a barre Data ultima revisione Prezzo effettivo da Tipo copia default (Koha) Nota pubblica
        BOLOGNA | Centro di Documentazione "Flavia Madaschi" Cassero LGBTQIA+ Center BOLOGNA | Centro di Documentazione "Flavia Madaschi" Cassero LGBTQIA+ Center 15/01/2026 19447   L 303.385 VEC BO19447 15/01/2026 15/01/2026 Libri 1 v.
Se cerchi informazioni su Arcigay, le puoi trovare nel nostro sito: www.arcigay.it